[Event "Rochefort Master 2019"]
[Site "Palais des Congrès"]
[Date "2019.02.16"]
[Round "4.12"]
[White "Prie, Eric"]
[Black "Mariette, Lucas"]
[Result "1-0"]
[WhiteElo "2456"]
[BlackElo "2185"]
[PlyCount "75"]
[EventDate "2019.??.??"]
[WhiteTeam "Echiquier Carcassonnais "]
[BlackTeam "Club d'Echecs de Marennes-Oleron"]

1. d4 Nf6 2. Bf4 g6 3. Nc3 d5 4. e3 Bg7 5. h4 c6 6. Qd2 b6 7. O-O-O Ba6 8. Nf3
Ne4 9. Nxe4 dxe4 10. Ng5 Qd5 11. Kb1 Bxf1 12. Rhxf1 h6 13. c4 Qf5 14. g4 Qxg4
15. Nxe4 Qf5 16. f3 Nd7 17. Ka1 Rd8 18. Ng3 Qf6 19. h5 g5 20. Ne4 Qf5 21. Bc7
Rc8 22. Bh2 O-O 23. Qg2 Nf6 24. Nxf6+ Qxf6 25. f4 Qe6 26. fxg5 Kh8 27. gxh6
Qxh6 28. Bf4 Qe6 29. h6 Bf6 30. h7 Bg7 31. Rh1 Qg6 32. Qh2 f6 33. Rdg1 Qe8 34.
Bh6 Rf7 35. Bxg7+ Rxg7 36. Rxg7 Kxg7 37. h8=Q+ Qxh8 38. Qg2+ 1-0

[Event "Rochefort Master 2019"]
[Site "Palais des Congrès"]
[Date "2019.02.16"]
[Round "4.13"]
[White "Lemeaux, David"]
[Black "Okhotnik, Vladimir"]
[Result "1/2-1/2"]
[WhiteElo "2246"]
[BlackElo "2352"]
[PlyCount "87"]
[EventDate "2019.??.??"]
[WhiteTeam "AGJA-Echiquier Aquitaine"]
[BlackTeam "Club 608 d'Echecs Paris"]

1. d4 Nf6 2. c4 g6 3. g3 c6 4. Nf3 d5 5. cxd5 cxd5 6. Nc3 Bg7 7. Bg2 O-O 8. Ne5
Nc6 9. O-O Bf5 10. Bg5 Rc8 11. Bxf6 Bxf6 12. Nxd5 Bg7 13. Nxc6 bxc6 14. Ne3 Be6
15. d5 cxd5 16. Nxd5 Bxb2 17. Rb1 Ba3 18. Qa4 Bxd5 19. Qxa3 Bxg2 20. Kxg2 Qd5+
21. Kg1 Rc7 22. Rfd1 Qe6 23. Rd2 Rfc8 24. Rbd1 Kg7 25. Kg2 h5 26. h4 a6 27. Qb3
Rc4 28. Qb2+ f6 29. Qb7 R8c6 30. Rd7 Qe4+ 31. Kg1 Kf8 32. Rxe7 Qxe7 33. Rd7
Rc1+ 34. Kh2 Qe8 35. Rh7 Rc7 36. Rxc7 Rxc7 37. Qxc7 Qxe2 38. Qb6 Ke7 39. a4 g5
40. hxg5 fxg5 41. a5 Qe6 42. Qc5+ Kf6 43. Kg2 Qe4+ 44. Kg1 1/2-1/2

[Event "Rochefort Master 2019"]
[Site "Palais des Congrès"]
[Date "2019.02.16"]
[Round "4.14"]
[White "Devallee, Jeremie"]
[Black "Dalaud, Dorian"]
[Result "1-0"]
[WhiteElo "2317"]
[BlackElo "2172"]
[PlyCount "101"]
[EventDate "2019.??.??"]
[WhiteTeam "C'Chartres Echecs"]
[BlackTeam "Cercle d'Echecs de Nantes"]

1. e4 c5 2. Nf3 d6 3. d4 cxd4 4. Nxd4 Nf6 5. f3 e5 6. Nb3 Be6 7. c4 a5 8. Be3
a4 9. N3d2 Be7 10. Nc3 Qa5 11. Rc1 O-O 12. Be2 Bd8 13. Nd5 Nc6 14. O-O Bxd5 15.
cxd5 Bb6 16. Bxb6 Qxb6+ 17. Rf2 Nd4 18. Nc4 Qd8 19. Bf1 Rc8 20. Na3 Qa5 21. Nc2
Nxc2 22. Rfxc2 Rxc2 23. Qxc2 Nd7 24. Qc3 Qb6+ 25. Kh1 Nc5 26. Rb1 h6 27. b4
axb3 28. axb3 Rc8 29. b4 Rc7 30. Qa1 Na6 31. h3 Qe3 32. b5 Nc5 33. Qa7 Rc8 34.
Qb6 Qd2 35. Qxd6 Nd3 36. Bxd3 Rc1+ 37. Rxc1 Qxc1+ 38. Bf1 Qxf1+ 39. Kh2 Qxb5
40. Qxe5 Qd7 41. f4 f6 42. Qd4 b5 43. e5 g5 44. d6 Kf7 45. Qd5+ Qe6 46. Qb7+
Ke8 47. Qxb5+ Kd8 48. Qb8+ Kd7 49. Qc7+ Ke8 50. exf6 Qxf6 51. d7+ 1-0

[Event "Rochefort Master 2019"]
[Site "Palais des Congrès"]
[Date "2019.02.16"]
[Round "4.15"]
[White "Harutyunyan, Ruben"]
[Black "Parnali, S Dharia"]
[Result "1-0"]
[WhiteElo "2299"]
[BlackElo "2146"]
[PlyCount "73"]
[EventDate "2019.??.??"]
[WhiteTeam "Clichy-Echecs-92"]

1. e4 e5 2. Nf3 Nc6 3. Bb5 a6 4. Ba4 Nf6 5. O-O b5 6. Bb3 Bc5 7. c3 d6 8. d4
Bb6 9. a4 Rb8 10. a5 Ba7 11. h3 O-O 12. Be3 Ra8 13. Nbd2 Bb7 14. Re1 h6 15. Nf1
exd4 16. cxd4 d5 17. e5 Ne4 18. Ng3 Ne7 19. Nh4 Nxg3 20. fxg3 Qd7 21. Bc2 c5
22. Qd3 g6 23. Bxh6 c4 24. Qd2 Nc6 25. Nf3 Rfe8 26. Qf4 Re6 27. Rad1 Rae8 28.
Kh2 Bb8 29. Qh4 Bc7 30. Bg5 Nxd4 31. Rxd4 f5 32. Bf6 Rxf6 33. Qxf6 Re6 34. Bxf5
gxf5 35. Qxf5 Re7 36. Rg4+ Kh8 37. Qf8+ 1-0

[Event "Rochefort Master 2019"]
[Site "Palais des Congrès"]
[Date "2019.02.16"]
[Round "5.6"]
[White "Sosa, Tomas"]
[Black "Harutyunyan, Ruben"]
[Result "1-0"]
[WhiteElo "2502"]
[BlackElo "2299"]
[PlyCount "79"]
[EventDate "2019.??.??"]
[BlackTeam "Clichy-Echecs-92"]

1. e4 e5 2. Nf3 Nc6 3. Bc4 Nf6 4. d3 Be7 5. c3 O-O 6. O-O d6 7. a4 Na5 8. Ba2
c5 9. Bg5 Ne8 10. Be3 Nc6 11. d4 cxd4 12. cxd4 Bg4 13. dxe5 Nxe5 14. Nbd2 Nc7
15. h3 Be6 16. Nxe5 dxe5 17. Nc4 f6 18. Na5 b6 19. Nc6 Qe8 20. Bxe6+ Nxe6 21.
Qd5 Bc5 22. a5 Rc8 23. Nxa7 Rd8 24. Qc4 Bxe3 25. fxe3 bxa5 26. Rxa5 Kh8 27. b4
Rd2 28. Ra2 Rxa2 29. Qxa2 Ng5 30. b5 Qg6 31. h4 Nxe4 32. b6 Qg3 33. Qa3 Rg8 34.
b7 Qxh4 35. Qb4 Rb8 36. Nc6 Qg5 37. Qxe4 Rxb7 38. Nd8 f5 39. Nxb7 h5 40. Qxe5
1-0

[Event "Rochefort Master 2019"]
[Site "Palais des Congrès"]
[Date "2019.02.16"]
[Round "5.7"]
[White "Shirazi, Kamran"]
[Black "Rios, Cristhian Camilo"]
[Result "0-1"]
[WhiteElo "2309"]
[BlackElo "2482"]
[PlyCount "70"]
[EventDate "2019.??.??"]
[WhiteTeam "Tremblay en France"]

1. d4 Nf6 2. Bg5 e6 3. e3 h6 4. Bh4 d6 5. Bd3 Nbd7 6. Nf3 g5 7. Bg3 Nh5 8. Nbd2
Bg7 9. c3 Qe7 10. O-O O-O 11. Kh1 f5 12. Ng1 Ndf6 13. h3 Nxg3+ 14. fxg3 d5 15.
g4 fxg4 16. e4 e5 17. exd5 gxh3 18. Nxh3 exd4 19. c4 Bg4 20. Nf3 Nh5 21. Nf2
Ng3+ 22. Kg1 Bxf3 23. gxf3 Nxf1 24. Kxf1 Qe3 25. Kg2 h5 26. Nh1 Rae8 27. Bg6
Qe2+ 28. Nf2 g4 29. Bxh5 Rxf3 30. Qxe2 Rxe2 31. Rf1 Be5 32. Bxg4 Rexf2+ 33.
Rxf2 Rg3+ 34. Kf1 Rxg4 35. Ke2 d3+ 0-1

[Event "Rochefort Master 2019"]
[Site "Palais des Congrès"]
[Date "2019.02.16"]
[Round "5.8"]
[White "Guidarelli, Laurent"]
[Black "Vidal, Llewellyn"]
[Result "1-0"]
[WhiteElo "2465"]
[BlackElo "2280"]
[PlyCount "49"]
[EventDate "2019.??.??"]
[WhiteTeam "L'Echiquier du Roy René"]
[BlackTeam "Echecs Club Montpellier"]

1. d4 d5 2. c4 e6 3. Nc3 Bb4 4. e3 Nf6 5. a3 Bxc3+ 6. bxc3 c6 7. cxd5 cxd5 8.
c4 O-O 9. Nf3 b6 10. cxd5 Qxd5 11. Be2 Bb7 12. O-O Nc6 13. Rb1 Rfd8 14. Rb5 Qd6
15. Bb2 Rac8 16. Rg5 h6 17. Rg3 Qd5 18. Nd2 e5 19. Bc4 Qd6 20. Qb1 Nd7 21. Ne4
Qe7 22. dxe5 Ncxe5 23. Ba2 h5 24. Ng5 Nf6 25. Bxe5 1-0

[Event "Rochefort Master 2019"]
[Site "Palais des Congrès"]
[Date "2019.02.16"]
[Round "5.9"]
[White "Gelos, Guillaume"]
[Black "Prie, Eric"]
[Result "0-1"]
[WhiteElo "1884"]
[BlackElo "2456"]
[PlyCount "70"]
[EventDate "2019.??.??"]
[WhiteTeam "Echiquier Tressois"]
[BlackTeam "Echiquier Carcassonnais "]

1. c4 e5 2. g3 Nf6 3. Bg2 Bc5 4. Nc3 O-O 5. e3 Nc6 6. Nge2 d6 7. O-O a6 8. a3
Ba7 9. h3 Re8 10. d3 h6 11. b4 Ne7 12. Qb3 c6 13. d4 Be6 14. d5 cxd5 15. cxd5
Bf5 16. a4 Qd7 17. Kh2 Bd3 18. Ba3 b5 19. axb5 axb5 20. Rfd1 Qf5 21. Rd2 Bc4
22. Qc2 Qxf2 23. Nd4 Qxe3 24. Ndxb5 Nf5 25. Qxf5 Qxd2 26. Rd1 Qf2 27. Nxd6 Qxf5
28. Nxf5 Bd4 29. Bb2 Bxc3 30. Bxc3 Ra2 31. d6 Bd5 32. Rxd5 Nxd5 33. Bxe5 Rxe5
34. d7 Ra8 35. Nd6 Rd8 0-1

[Event "Rochefort Master 2019"]
[Site "Palais des Congrès"]
[Date "2019.02.16"]
[Round "5.10"]
[White "Ni, Shiqun"]
[Black "Solozhenkina, Elizaveta"]
[Result "1/2-1/2"]
[WhiteElo "2427"]
[BlackElo "2287"]
[PlyCount "115"]
[EventDate "2019.??.??"]
[BlackTeam "Sporting Cheminot Pratique Omnisport"]

1. e4 c6 2. d4 d5 3. exd5 cxd5 4. Bd3 Nc6 5. c3 Qc7 6. Ne2 Bg4 7. O-O e6 8. Qe1
Be7 9. Ng3 Nf6 10. Be3 Nh5 11. h3 Nxg3 12. fxg3 Bh5 13. Nd2 O-O 14. Qf2 e5 15.
dxe5 Nxe5 16. Bf5 Bd6 17. g4 Bg6 18. Bd4 Rfe8 19. Nf3 Nd3 20. Qc2 Nc5 21. Ng5
Ne4 22. Nxe4 dxe4 23. Rae1 Qc6 24. Re3 Re7 25. Rfe1 Rae8 26. Qf2 b6 27. h4 Bc5
28. Bxc5 Qxc5 29. h5 Bxf5 30. gxf5 Re5 31. g4 h6 32. Kg2 Qd5 33. b3 Rd8 34. Kh3
f6 35. Qe2 Qc5 36. b4 Qc6 37. Rd1 Rxd1 38. Qxd1 Rd5 39. Qe2 Qd6 40. Qc4 Kh7 41.
Qxe4 Rd2 42. Re2 Qd3+ 43. Qxd3 Rxd3+ 44. Kg2 Rxc3 45. b5 Ra3 46. Kf2 Kg8 47.
Rc2 Ra5 48. Rc8+ Kh7 49. Ra8 Rxa2+ 50. Kf3 Ra4 51. Kg3 Ra5 52. Kf3 Rxb5 53.
Rxa7 Rb2 54. Ra8 b5 55. Rb8 b4 56. Kg3 b3 57. Kh3 Rb1 58. Kg2 1/2-1/2

[Event "Rochefort Master 2019"]
[Site "Palais des Congrès"]
[Date "2019.02.16"]
[Round "5.11"]
[White "Yu, Ruiyuan"]
[Black "Lucas, Arthur"]
[Result "0-1"]
[WhiteElo "2491"]
[BlackElo "2178"]
[PlyCount "64"]
[EventDate "2019.??.??"]
[BlackTeam "Cercle d'échecs des Sables d'Olonne"]

1. e4 c5 2. Nf3 Nc6 3. d4 cxd4 4. Nxd4 e5 5. Nb5 d6 6. c4 Be7 7. Be3 Nf6 8. f3
Be6 9. N1c3 a6 10. Na3 O-O 11. Be2 Nh5 12. Qd2 Nf4 13. O-O Bg5 14. Kh1 h6 15.
Bd1 Ng6 16. Nd5 Bxe3 17. Qxe3 Rc8 18. g3 f5 19. exf5 Bxf5 20. Bc2 Nd4 21. Bxf5
Nxf5 22. Qe4 Nge7 23. f4 Nxd5 24. Qxd5+ Kh8 25. Rae1 exf4 26. Rxf4 Nxg3+ 27.
hxg3 Rxf4 28. Kg2 Rf6 29. b3 Qb6 30. Re7 Qf2+ 31. Kh3 Rf5 32. Qxd6 Qf1+ 0-1

[Event "Rochefort Master 2019"]
[Site "Palais des Congrès"]
[Date "2019.02.16"]
[Round "5.12"]
[White "Lemeaux, David"]
[Black "Colin, Vincent"]
[Result "1-0"]
[WhiteElo "2246"]
[BlackElo "2382"]
[PlyCount "136"]
[EventDate "2019.??.??"]
[WhiteTeam "AGJA-Echiquier Aquitaine"]
[BlackTeam "Les Tours des Hauts de France - St Quentin"]

1. d4 g6 2. c4 Bg7 3. Nf3 d6 4. g3 Nd7 5. Bg2 e5 6. Nc3 Ngf6 7. O-O O-O 8. e4
c6 9. Rb1 Qb6 10. d5 Nc5 11. Ne1 Bg4 12. Qc2 cxd5 13. cxd5 Rfc8 14. Be3 Qa6 15.
f3 Bd7 16. Qd2 b5 17. Nd3 Nxd3 18. Qxd3 Qb7 19. Rfc1 b4 20. Nd1 Bb5 21. Qd2 a5
22. b3 Nd7 23. Bh3 Bf6 24. Nb2 Bd8 25. Rxc8 Rxc8 26. Rc1 Rxc1+ 27. Qxc1 Bb6 28.
Bxd7 Bxe3+ 29. Qxe3 Qxd7 30. Qb6 Qc8 31. Qxb5 Qc1+ 32. Kf2 Qxb2+ 33. Qe2 Qd4+
34. Kg2 h5 35. Qf2 Qd3 36. Qb6 Qc2+ 37. Qf2 Qb1 38. Qd2 Kg7 39. h4 Qa1 40. Qc2
Qc3 41. Qf2 Qd3 42. Qb6 Qc2+ 43. Qf2 Qb1 44. Qd2 f6 45. Qf2 Kh6 46. Qe3+ g5 47.
Qe2 Kg6 48. Kh2 Qc1 49. Kg2 Qc5 50. Qd2 Qc3 51. Qe2 Qd4 52. Qb5 Qd2+ 53. Kf1
Qd1+ 54. Kf2 Qc2+ 55. Kf1 Qb1+ 56. Kg2 Qxa2+ 57. Kh3 g4+ 58. fxg4 hxg4+ 59.
Kxg4 f5+ 60. exf5+ Kf6 61. Qa6 Qxb3 62. Qxd6+ Kf7 63. Qe6+ Kf8 64. f6 Qd1+ 65.
Kg5 Qc1+ 66. Kh5 Qc7 67. d6 Qh7+ 68. Kg5 Qa7 1-0

[Event "Rochefort Master 2019"]
[Site "Palais des Congrès"]
[Date "2019.02.16"]
[Round "5.13"]
[White "Okhotnik, Vladimir"]
[Black "Marie, Maxime"]
[Result "1-0"]
[WhiteElo "2352"]
[BlackElo "2186"]
[PlyCount "71"]
[EventDate "2019.??.??"]
[WhiteTeam "Club 608 d'Echecs Paris"]
[BlackTeam "Club d'Echecs Lexovien"]

1. e4 c5 2. c3 g6 3. d4 cxd4 4. cxd4 d5 5. e5 Nc6 6. Nf3 Bg7 7. Bb5 Nh6 8. Bf4
f6 9. O-O O-O 10. exf6 exf6 11. Bxc6 bxc6 12. Qc1 g5 13. Qxc6 Bf5 14. Bd6 Re8
15. Bc5 g4 16. Nh4 Re6 17. Qa4 Bd3 18. Rd1 Rb8 19. Qa3 Bc2 20. Rc1 f5 21. Nd2
Qxh4 22. Rxc2 f4 23. Qxa7 Rbe8 24. Qd7 Re2 25. Qxd5+ Kh8 26. Rf1 Ng8 27. Bd6
Nf6 28. Qf5 f3 29. Bg3 Qh6 30. Bf4 Qh4 31. gxf3 Qh3 32. Be5 R8xe5 33. dxe5 Ne8
34. Qxg4 Qh6 35. f4 Re4 36. Nxe4 1-0

[Event "Rochefort Master 2019"]
[Site "Palais des Congrès"]
[Date "2019.02.16"]
[Round "5.14"]
[White "Englisch, Colya"]
[Black "Gao, Etienne"]
[Result "1-0"]
[WhiteElo "2173"]
[BlackElo "2306"]
[PlyCount "59"]
[EventDate "2019.??.??"]
[WhiteTeam "Club d'Echecs de Sautron"]
[BlackTeam "Echiquier Club Le Mans"]

1. Nf3 Nf6 2. g3 g6 3. Bg2 Bg7 4. O-O O-O 5. d4 d5 6. c4 Nc6 7. cxd5 Nxd5 8. e4
Nb6 9. d5 Na5 10. Qe1 Nac4 11. Nc3 e6 12. b3 Ne5 13. Nxe5 Bxe5 14. Ba3 Re8 15.
Rd1 Qf6 16. Bb2 Qh8 17. dxe6 Bxe6 18. Qd2 c5 19. Ba1 c4 20. f4 Bf6 21. e5 Rad8
22. Qb2 Be7 23. Bxb7 Rb8 24. Bd5 Bc5+ 25. Kh1 cxb3 26. Bxe6 Rxe6 27. Qxb3 Kg7
28. Ne4 Qc8 29. Qf3 Be7 30. g4 1-0

[Event "Rochefort Master 2019"]
[Site "Palais des Congrès"]
[Date "2019.02.16"]
[Round "5.15"]
[White "Jackson, Thomas"]
[Black "Laurent, Julien G."]
[Result "0-1"]
[WhiteElo "2156"]
[BlackElo "2303"]
[PlyCount "65"]
[EventDate "2019.??.??"]
[WhiteTeam "Thomas Bourgneuf - Creteil"]
[BlackTeam "Echiquier de Franconville"]

1. d4 d6 2. Nf3 Bg4 3. c4 Bxf3 4. exf3 Nd7 5. g3 c6 6. Bg2 Nb6 7. Qb3 e6 8. Nc3
Qd7 9. O-O d5 10. c5 Nc8 11. Qa4 g6 12. Be3 Bg7 13. Rfe1 Nge7 14. f4 O-O 15. b4
Nf5 16. Rad1 h5 17. Qb3 b6 18. Na4 b5 19. Nb2 a5 20. a3 Nce7 21. h3 Ra7 22. a4
Rb8 23. bxa5 Qc7 24. Qc3 Qxa5 25. Qxa5 Rxa5 26. axb5 Rbxb5 27. Rd2 Ra2 28. Ree2
Bxd4 29. Rxd4 Rbxb2 30. Rxb2 Rxb2 31. Ra4 Nxe3 32. fxe3 Rc2 33. Ra6 0-1

[Event "Rochefort Master 2019"]
[Site "Palais des Congrès"]
[Date "2019.02.16"]
[Round "6.6"]
[White "Delorme, Axel"]
[Black "Lemeaux, David"]
[Result "1-0"]
[WhiteElo "2498"]
[BlackElo "2246"]
[PlyCount "70"]
[EventDate "2019.??.??"]
[WhiteTeam "Clichy-Echecs-92"]
[BlackTeam "AGJA-Echiquier Aquitaine"]

1. Nf3 d5 2. g3 g6 3. Bg2 Bg7 4. d4 Nf6 5. c4 c6 6. O-O O-O 7. Qb3 dxc4 8. Qxc4
Be6 9. Qa4 Bf5 10. Nc3 Ne4 11. Nh4 Nxc3 12. bxc3 Bc8 13. Rb1 Nd7 14. Rd1 Nb6
15. Qc2 Be6 16. Nf3 Bc4 17. a4 Ba6 18. Ne1 Rc8 19. Nd3 Nd7 20. c4 c5 21. Bxb7
Bxb7 22. Rxb7 cxd4 23. Rxa7 Re8 24. a5 Nc5 25. Ba3 Ne4 26. Bb4 Rc7 27. Rxc7
Qxc7 28. c5 Qc6 29. Ra1 e5 30. Qa4 Qa8 31. a6 Rc8 32. a7 Ng5 33. c6 Ne6 34. Qa6
Rxc6 35. Qxc6 Qxc6 1-0

[Event "Rochefort Master 2019"]
[Site "Palais des Congrès"]
[Date "2019.02.16"]
[Round "6.7"]
[White "Laurent, Julien G."]
[Black "Ni, Shiqun"]
[Result "1/2-1/2"]
[WhiteElo "2303"]
[BlackElo "2427"]
[PlyCount "88"]
[EventDate "2019.??.??"]
[WhiteTeam "Echiquier de Franconville"]

1. Nf3 d5 2. c4 c6 3. d4 Nf6 4. Nc3 e6 5. e3 Nbd7 6. Qc2 Bd6 7. Bd3 O-O 8. e4
dxc4 9. Bxc4 e5 10. Bg5 exd4 11. Nxd4 Ne5 12. Be2 h6 13. Bxf6 Qxf6 14. Nf3 Ng6
15. g3 Bg4 16. Ng1 Bxe2 17. Ngxe2 Rad8 18. O-O Bc5 19. Kg2 Ne5 20. Ng1 Rd7 21.
Rad1 Rfd8 22. Rxd7 Rxd7 23. Rd1 Bd4 24. Qe2 Bxc3 25. bxc3 Qe6 26. Rd4 c5 27.
Rxd7 Qxd7 28. f4 Nd3 29. Nh3 Qb5 30. Kf3 Qb1 31. Nf2 Nxf2 32. Kxf2 b5 33. e5 c4
34. Ke3 Qg1+ 35. Qf2 Qb1 36. Qd2 a5 37. Qd8+ Kh7 38. Qxa5 Qd3+ 39. Kf2 Qd2+ 40.
Kf3 Qd1+ 41. Ke3 Qd3+ 42. Kf2 Qd2+ 43. Kf3 Qd1+ 44. Ke3 Qd3+ 1/2-1/2

[Event "Rochefort Master 2019"]
[Site "Palais des Congrès"]
[Date "2019.02.16"]
[Round "6.8"]
[White "Solozhenkina, Elizaveta"]
[Black "Okhotnik, Vladimir"]
[Result "1/2-1/2"]
[WhiteElo "2287"]
[BlackElo "2352"]
[PlyCount "153"]
[EventDate "2019.??.??"]
[WhiteTeam "Sporting Cheminot Pratique Omnisport"]
[BlackTeam "Club 608 d'Echecs Paris"]

1. e4 d6 2. d4 e5 3. Nf3 exd4 4. Nxd4 Nf6 5. Nc3 Be7 6. Be2 O-O 7. Bf4 Nc6 8.
O-O Nxd4 9. Qxd4 Bd7 10. Rfe1 Bc6 11. Rad1 Nd7 12. Nd5 Re8 13. Bg3 Bf6 14.
Nxf6+ Qxf6 15. Qxf6 Nxf6 16. f3 a5 17. a3 a4 18. Rd4 Ra5 19. h4 h6 20. Kf1 g5
21. Bf2 Nh5 22. Bc4 Nf4 23. g3 Ng6 24. hxg5 hxg5 25. Re3 Kg7 26. Be1 Rc5 27.
Bd3 f6 28. Bb4 Rce5 29. Re2 Rh8 30. Kg1 Ree8 31. Rh2 Ne5 32. Be2 Rxh2 33. Kxh2
g4 34. fxg4 Bd7 35. Bc3 Bxg4 36. Bxg4 Nxg4+ 37. Kg1 b5 38. Rd5 Rxe4 39. Rxb5
Kg6 40. Rb7 Rc4 41. Ba5 Rxc2 42. Bxc7 d5 43. Bf4 Kf5 44. Rb4 Rc4 45. Rxc4 dxc4
46. Kf1 Ke4 47. Ke2 Ne5 48. Bd2 Nc6 49. Bc3 f5 50. Bf6 Na7 51. Bg7 Nc6 52. Bf6
Nb8 53. Bg7 Nd7 54. Bc3 Nc5 55. Bg7 Nb3 56. Bc3 Nc1+ 57. Kd2 Nd3 58. Ke2 Nc5
59. Bg7 Na6 60. Bc3 Nc7 61. Bg7 Nd5 62. Bc3 Ne3 63. Bg7 Ng4 64. Bc3 Nh2 65. Bg7
Ng4 66. Bc3 Nh6 67. Bg7 Nf7 68. Bf6 Nd6 69. Bg7 Ne8 70. Bc3 Nc7 71. Bg7 Nd5 72.
Bc3 Ne3 73. Bf6 Ng4 74. Bg7 Nh2 75. Bc3 Nf3 76. Bf6 Nh2 77. Bc3 1/2-1/2

[Event "Rochefort Master 2019"]
[Site "Palais des Congrès"]
[Date "2019.02.16"]
[Round "6.9"]
[White "Bobadilla Viera, Jorge Samuel"]
[Black "Englisch, Colya"]
[Result "1-0"]
[WhiteElo "2318"]
[BlackElo "2173"]
[PlyCount "95"]
[EventDate "2019.??.??"]
[BlackTeam "Club d'Echecs de Sautron"]

1. e4 d6 2. d4 Nf6 3. Nc3 g6 4. g3 Bg7 5. Bg2 O-O 6. Nge2 e5 7. O-O c6 8. a4 a5
9. h3 Na6 10. Be3 Nb4 11. f4 Qc7 12. Qd2 Be6 13. f5 Bc4 14. g4 Nd7 15. b3 Ba6
16. Rf2 Rfe8 17. f6 Bxf6 18. d5 Bg7 19. Ng3 Rac8 20. Rc1 cxd5 21. Nxd5 Nxd5 22.
Qxd5 Nf6 23. Qd1 b5 24. Qf1 Qb7 25. axb5 Bxb5 26. c4 Bc6 27. Rxf6 Bxf6 28. Qxf6
Qe7 29. Qf2 Rb8 30. Rc3 Rb7 31. c5 Reb8 32. Qc2 dxc5 33. Bxc5 Qe6 34. Bf2 Bd7
35. Bf1 Rxb3 36. Bc4 Rb1+ 37. Kg2 Qe8 38. Bb3 Ra1 39. Rc5 Ra3 40. Bc4 Ra4 41.
Ba6 Ra3 42. Ne2 Qe6 43. Bc4 Qf6 44. Nc3 Ra1 45. Qd2 Bc6 46. g5 Bxe4+ 47. Nxe4
Qf5 48. Qd3 1-0

[Event "Rochefort Master 2019"]
[Site "Palais des Congrès"]
[Date "2019.02.16"]
[Round "6.10"]
[White "De Seroux, Camille"]
[Black "Martinez Duany, Lelys Stanley"]
[Result "0-1"]
[WhiteElo "2145"]
[BlackElo "2547"]
[PlyCount "96"]
[EventDate "2019.??.??"]
[WhiteTeam "Grasse Echecs"]

1. e4 c5 2. Nc3 Nc6 3. Bb5 g6 4. Bxc6 dxc6 5. d3 Bg7 6. f4 c4 7. Nf3 cxd3 8.
cxd3 Qb6 9. Qe2 Bg4 10. Be3 Bxf3 11. gxf3 Bd4 12. Bxd4 Qxd4 13. O-O-O Nf6 14.
Kb1 O-O-O 15. Rhe1 Rd7 16. Qc2 Rhd8 17. Qb3 e6 18. e5 Ne8 19. Ne4 Rd5 20. Re2
h6 21. Ree1 Rb5 22. Qc3 Qxc3 23. Nxc3 Rb4 24. Ne4 Rbd4 25. Kc2 b6 26. Kc3 c5
27. b3 Kc7 28. Rd2 Kc6 29. Rc1 Nc7 30. a3 Nd5+ 31. Kc2 Ne3+ 32. Kb2 a5 33. Rg1
Nd5 34. Rg4 h5 35. Rh4 Ne3 36. Nd6 Rd7 37. Kc1 a4 38. Kb2 Nf5 39. Nxf5 exf5 40.
bxa4 Rxd3 41. Rxd3 Rxd3 42. Rh3 Kd5 43. Rg3 Rd4 44. Rg1 Rxf4 45. Rd1+ Rd4 46.
Re1 Rxa4 47. Kb3 b5 48. Re2 Rd4 0-1

[Event "Rochefort Master 2019"]
[Site "Palais des Congrès"]
[Date "2019.02.16"]
[Round "6.11"]
[White "Deslandes, Pascal"]
[Black "David, Bogdan-Emanuel"]
[Result "1/2-1/2"]
[WhiteElo "2349"]
[BlackElo "2190"]
[PlyCount "61"]
[EventDate "2019.??.??"]
[WhiteTeam "Club d'Echecs du Vesinet"]
[BlackTeam "Club d'Echecs de Sautron"]

1. e4 c5 2. c3 d5 3. exd5 Qxd5 4. d4 Nf6 5. Nf3 e6 6. Be3 cxd4 7. cxd4 Nc6 8.
Nc3 Qd6 9. Bc4 Be7 10. a3 O-O 11. O-O b6 12. Qe2 a6 13. Ba2 Bb7 14. Rfd1 Nd5
15. Nxd5 exd5 16. Rac1 Rac8 17. Qd3 Bf6 18. g3 Rfe8 19. Bf4 Qd7 20. Bg5 Re6 21.
Bxf6 Rxf6 22. Ne5 Qd6 23. Rc3 Re6 24. Rdc1 Ne7 25. Rxc8+ Bxc8 26. Qc3 g6 27.
Qc7 f6 28. Qxd6 Rxd6 29. Rc7 Kf8 30. Nd3 Rc6 31. Rxc6 1/2-1/2

[Event "Rochefort Master 2019"]
[Site "Palais des Congrès"]
[Date "2019.02.16"]
[Round "6.12"]
[White "Roselle, Tristan"]
[Black "Devallee, Jeremie"]
[Result "1-0"]
[WhiteElo "2173"]
[BlackElo "2317"]
[PlyCount "115"]
[EventDate "2019.??.??"]
[WhiteTeam "AGJA-Echiquier Aquitaine"]
[BlackTeam "C'Chartres Echecs"]

1. e4 c5 2. Nf3 d6 3. Bb5+ Bd7 4. Bxd7+ Qxd7 5. c4 Nc6 6. d4 cxd4 7. Nxd4 Nf6
8. Nc3 g6 9. f3 Bg7 10. Be3 O-O 11. Rc1 Rfc8 12. b3 Qd8 13. O-O Qa5 14. Qd2
Nxd4 15. Bxd4 Nd7 16. Rfd1 Bxd4+ 17. Qxd4 Qc5 18. Qxc5 Rxc5 19. Rd5 Rc6 20. Ne2
a6 21. Kf2 Rac8 22. Rdd1 Rc5 23. Rd5 R5c6 24. Rdd1 f5 25. exf5 gxf5 26. Rd5 e6
27. Rdd1 Kf7 28. Re1 e5 29. Rcd1 b5 30. cxb5 axb5 31. Rd2 b4 32. Red1 Ke7 33.
Ng3 Ke6 34. Nh5 Rg8 35. Re2 Kf7 36. Ng3 Kf6 37. Nh5+ Kg5 38. Ng3 Nb6 39. Nf1
Kf6 40. Ne3 Ke6 41. Nc2 Rc5 42. Nxb4 Rgc8 43. Rdd2 Nd5 44. Nxd5 Rxd5 45. Rxd5
Kxd5 46. Rd2+ Ke6 47. a4 d5 48. a5 d4 49. a6 Kd5 50. a7 Ra8 51. Ra2 Kc5 52. Ra4
e4 53. fxe4 fxe4 54. Ke2 Kd5 55. Ra5+ Kc6 56. g4 Kb6 57. Ra4 e3 58. Kd3 1-0

[Event "Rochefort Master 2019"]
[Site "Palais des Congrès"]
[Date "2019.02.16"]
[Round "6.13"]
[White "Decosse, Jean-Fabien"]
[Black "Shirazi, Kamran"]
[Result "0-1"]
[WhiteElo "2165"]
[BlackElo "2309"]
[PlyCount "60"]
[EventDate "2019.??.??"]
[WhiteTeam "Reims Echec et Mat"]
[BlackTeam "Tremblay en France"]

1. d4 Nf6 2. c4 a6 3. Nc3 c5 4. d5 b5 5. b3 e6 6. f3 bxc4 7. bxc4 exd5 8. cxd5
Nh5 9. Nh3 d6 10. Nf2 g6 11. Qa4+ Nd7 12. Rb1 Bg7 13. Bd2 O-O 14. g4 Nhf6 15.
Bg2 Nb6 16. Qc6 Rb8 17. O-O Ne8 18. Na4 Bd7 19. Qxb6 Rxb6 20. Nxb6 Bb5 21. a4
Qxb6 22. Ne4 Nc7 23. Bf4 Nxd5 24. Bxd6 Re8 25. axb5 Bd4+ 26. Kh1 axb5 27. Rfd1
Nc3 28. Rxd4 Rxe4 29. Rxe4 Nxe4 30. fxe4 Qxd6 0-1

[Event "Rochefort Master 2019"]
[Site "Palais des Congrès"]
[Date "2019.02.16"]
[Round "6.14"]
[White "Harutyunyan, Ruben"]
[Black "Leblic, Mathieu"]
[Result "1-0"]
[WhiteElo "2299"]
[BlackElo "2096"]
[PlyCount "65"]
[EventDate "2019.??.??"]
[WhiteTeam "Clichy-Echecs-92"]
[BlackTeam "Cavalier de Trencavel Béziers"]

1. e4 e5 2. Nf3 Nc6 3. Bb5 a6 4. Ba4 Nf6 5. O-O Be7 6. d3 b5 7. Bb3 d6 8. c3
Na5 9. Bc2 c5 10. Re1 O-O 11. Nbd2 Qc7 12. Nf1 Re8 13. h3 Bb7 14. Ng3 Bf8 15.
Bg5 Nd7 16. Nf5 d5 17. exd5 Bxd5 18. Ne3 Bb7 19. Bh4 Qc6 20. a3 c4 21. dxc4
Nxc4 22. Nxc4 bxc4 23. Ba4 Qh6 24. Bxd7 Bxf3 25. Qxf3 Qxh4 26. Bxe8 Rxe8 27.
Re4 Qg5 28. Rxc4 Qd2 29. Rc7 f6 30. Rd1 Qxb2 31. Qd5+ Kh8 32. Qd7 Rb8 33. Rc8
1-0